LEADER 00991nam a2200241 i 4500 001 000000237082 003 CaOOAMICUS 005 20210322135226.0 008 141217s1920 it u000 u ita u 013 $a215987 040 $aSeMil$bita 100 1 $aDe Rossi, Giulio <1877-1925>.$0(OLS)http://semarc/name/80882 245 13$aIl primo anno di vita del Partito Popolare Italiano /$cG. De Rossi. 260 $aRoma :$bFrancesco Ferrari,$cstampa 1920. 300 $a205 p. ;$c19 cm. 500 $aContiene : Appendice. 501 $aDall'idea al fatto / Luigi Sturzo 650 4$aPartito popolare italiano <1919-1926> - Storia.$0(OLS)http://semarc/subject/73 850 $aSeMil 852 $aSeMil$W1$xVenegono$y1$m3N I 123$j187428$B187428$CSeMilBibl$Z2$F198351 $81 996 $6245$aIl primo anno di vita del Partito Popolare Italiano$9(OLS)http://semarc/title/337868 996 $6260$aRoma :$bFrancesco Ferrari$9(OLS)http://semarc/publisher/37653 LEADER 00963nam a2200169 i 4500 001 000000020592 003 CaOOAMICUS 005 20180830125445.0 008 180830s1926 sz u000 u und u 040 $aSeMil$bita 245 13$aIl clima del Concilio. 300 $a2 v. (XVI, 931 p.). 700 1 $aCampana, Emilio.$0(OLS)http://semarc/name/5149 773 0 $aCampana, Emilio$tConcilio Vaticano.$dLugano : Stabilimenti d'arti grafiche Grassi & C., 1926.$w()20587 774 0 $tPreparazione ed indizione del Concilio ; Ostilità che incontṛ fuori dalla Chiesa ; Agitazioni che susciṭ tra i Cattolici di Germania e di Francia.$gParte1$w()45878 774 0 $tMovimento degli animi suscitato dalla prospettiva del Concilio tra i cattolici del Belgio, della Svizzera, dell'Austria-Ungheria, dei Paesi di lingua inglese, dell'Oriente, delle Missioni, della Spagna e dell'Italia ; Pio 9. ...$gParte2$w()173571 996 $6245$aIl clima del Concilio$9(OLS)http://semarc/title/27148